<?xml version="1.0" encoding="UTF-8"?>
<marc:record xmlns:marc="http://www.loc.gov/MARC21/slim">
   <marc:leader>00000nam a2200000 a 4500</marc:leader>
   <marc:datafield ind1="1" ind2=" " tag="100">
      <marc:subfield code="a">Hollinghurst, Alan</marc:subfield>
      <marc:subfield code="4">aut</marc:subfield>
      <marc:subfield code="e">Verfasser/-in</marc:subfield>
   </marc:datafield>
   <marc:datafield ind1="1" ind2=" " tag="100">
      <marc:subfield code="a">Stegers, Thomas</marc:subfield>
      <marc:subfield code="4">trl</marc:subfield>
      <marc:subfield code="e">Übersetzer/-in</marc:subfield>
   </marc:datafield>
   <marc:datafield ind1=" " ind2=" " tag="653">
      <marc:subfield code="a">Geschichte 1983-1986</marc:subfield>
   </marc:datafield>
   <marc:datafield ind1=" " ind2=" " tag="653">
      <marc:subfield code="a">Homosexueller</marc:subfield>
   </marc:datafield>
   <marc:datafield ind1=" " ind2=" " tag="653">
      <marc:subfield code="a">Reichtum</marc:subfield>
   </marc:datafield>
   <marc:datafield ind1=" " ind2=" " tag="653">
      <marc:subfield code="a">Faszination</marc:subfield>
   </marc:datafield>
   <marc:datafield ind1=" " ind2=" " tag="653">
      <marc:subfield code="a">Softcover / Belletristik/Gegenwartsliteratur (ab 1945)</marc:subfield>
   </marc:datafield>
   <marc:datafield ind1=" " ind2=" " tag="653">
      <marc:subfield code="a">London</marc:subfield>
   </marc:datafield>
   <marc:datafield ind1=" " ind2=" " tag="653">
      <marc:subfield code="a">Großbritannien</marc:subfield>
   </marc:datafield>
   <marc:datafield ind1=" " ind2=" " tag="653">
      <marc:subfield code="a">Homosexualität</marc:subfield>
   </marc:datafield>
   <marc:datafield ind1=" " ind2=" " tag="653">
      <marc:subfield code="a">schwul</marc:subfield>
   </marc:datafield>
   <marc:datafield ind1=" " ind2=" " tag="653">
      <marc:subfield code="a">gay</marc:subfield>
   </marc:datafield>
   <marc:datafield ind1=" " ind2=" " tag="653">
      <marc:subfield code="a">Thatcher</marc:subfield>
   </marc:datafield>
   <marc:datafield ind1=" " ind2=" " tag="653">
      <marc:subfield code="a">80er Jahre</marc:subfield>
   </marc:datafield>
   <marc:datafield ind1=" " ind2=" " tag="653">
      <marc:subfield code="a">Achtziger</marc:subfield>
   </marc:datafield>
   <marc:datafield ind1=" " ind2=" " tag="653">
      <marc:subfield code="a">Tories</marc:subfield>
   </marc:datafield>
   <marc:datafield ind1=" " ind2=" " tag="653">
      <marc:subfield code="a">Upperclass</marc:subfield>
   </marc:datafield>
   <marc:datafield ind1=" " ind2=" " tag="653">
      <marc:subfield code="a">Henry James</marc:subfield>
   </marc:datafield>
   <marc:datafield ind1=" " ind2=" " tag="653">
      <marc:subfield code="a">Fiktionale Darstellung</marc:subfield>
   </marc:datafield>
   <marc:datafield ind1=" " ind2=" " tag="653">
      <marc:subfield code="a">Erzählende Literatur</marc:subfield>
   </marc:datafield>
   <marc:datafield ind1="0" ind2="0" tag="245">
      <marc:subfield code="a">Die Schönheitslinie</marc:subfield>
   </marc:datafield>
   <marc:datafield ind1="0" ind2="0" tag="245">
      <marc:subfield code="b">Roman</marc:subfield>
   </marc:datafield>
   <marc:datafield ind1="0" ind2="0" tag="245">
      <marc:subfield code="c">Alan Hollinghurst ; aus dem Englischen von Thomas Stegers</marc:subfield>
   </marc:datafield>
   <marc:datafield ind1=" " ind2="1" tag="264">
      <marc:subfield code="a">Berlin</marc:subfield>
      <marc:subfield code="b">Albino</marc:subfield>
   </marc:datafield>
   <marc:datafield ind1=" " ind2=" " tag="250">
      <marc:subfield code="a">1. Auflage</marc:subfield>
   </marc:datafield>
   <marc:datafield ind1="1" ind2=" " tag="520">
      <marc:subfield code="a">Sommer 1983: Als der zwanzigjährige Nick Guest in den wohlhabenden Londoner Stadtteil Notting Hill zieht, eröffnet sich ihm eine ganz neue Welt. Er bewohnt die Dachkammer des Elternhauses seines Kommilitonen Toby Fedden, in den er heimlich verliebt ist. Doch statt Toby sind es vor allem die anderen Mitglieder der Familie, die Nick in ihr Leben integrieren: der konservative Tory-Abgeordnete Gerald, seine Frau Rachel und die manisch-depressive Tochter Catherine. Schon bald oszilliert Nicks Alltag zwischen den abgründig-existenziellen Gesprächen mit Catherine und glamourösen Festen und Empfängen. Gebildet und attraktiv wie er ist, kommt er gut an bei den Reichen und Mächtigen, die sich im Haus der Feddens die Ehre geben. Doch die Tuchfühlungen mit der Londoner High Society sind nur eine Seite von Nicks neuem Großstadtleben. Die andere sind seine ausgiebigen Erkundungen schwuler Sinnesfreuden. Hier wie dort stürzt er sich rückhaltlos hinein in den Strom der schnellen Genüsse und flüchtigen Reize. Dabei ist ihm das Streben nach Eleganz und Schönheit wichtiger als ethische Überzeugungen. Doch die schönen Fassaden bekommen Risse, als die Aids-Epidemie London erreicht. Mit "Die Schönheitslinie" schuf Alan Hollinghurst ein kunstvoll komponiertes Sittenporträt der Londoner Upperclass der Achtzigerjahre und einen zeitlosen Roman über die Suche nach Liebe und Schönheit. Als das englische Original 2004 erschien, wurde es von der Kritik für seine James’schen Qualitäten gelobt und im selben Jahr mit dem renommierten Booker Prize ausgezeichnet.
</marc:subfield>
   </marc:datafield>
   <marc:datafield ind1=" " ind2=" " tag="020">
      <marc:subfield code="a">9783863003883</marc:subfield>
      <marc:subfield code="9">9783863003883</marc:subfield>
   </marc:datafield>
   <marc:datafield ind1=" " ind2=" " tag="020">
      <marc:subfield code="a">3863003888</marc:subfield>
      <marc:subfield code="9">3863003888</marc:subfield>
   </marc:datafield>
   <marc:datafield ind1=" " ind2=" " tag="041">
      <marc:subfield code="a">ger</marc:subfield>
   </marc:datafield>
   <marc:datafield ind1=" " ind2=" " tag="300">
      <marc:subfield code="a">571 Seiten</marc:subfield>
   </marc:datafield>
</marc:record>
